000 00613nam a2200217Ia 4500
005 20250508164537.0
008 008 250505s9999 xx 000 0 eng d
037 _aTextual
040 _aFEDL
_beng
_cFEDL
041 _aeng
_2eng
084 _a370.1, SHA
_qFEDL
100 _aSharma G Ranjit
_9606506
245 0 _aMother's philosophy of education
260 _aNew Delhi, India
_bAtlantic Publishers and Distributors
_c1992
300 _aix,236p.
365 _aINR
_b250
546 _aMACESME
650 _aEducation- Philosophy
942 _cTEXL
_h370.1, SHA
999 _c1389705
_d1389705